Význam značky Discover Central Europe v slovenskom priestore bakalárska práca

Gespeichert in:
Bibliographische Detailangaben
1. Verfasser: Šimorová, Terézia
Körperschaft: Obchodná fakulta EU. Katedra cestovného ruchu
Weitere Verfasser: Zemanová, Lenka, 1995-
Format: Buch
Sprache:Slowakisch
Veröffentlicht: Bratislava 2023
Tags: Tag hinzufügen
Keine Tags, Fügen Sie das erste Tag hinzu!

MARC

LEADER 00000nbm a2200000 4500
001 0294909
005 20240108132850.7
041 0 |a slo 
044 |a SK 
245 1 0 |a Význam značky Discover Central Europe v slovenskom priestore  |b bakalárska práca  |c Terézia Šimorová ; školiteľ: Lenka Zemanová 
264 1 |a Bratislava  |c 2023 
300 |a 56 s. 
100 1 |a Šimorová, Terézia 
700 1 |a Zemanová, Lenka, 1995- 
710 2 |a Obchodná fakulta EU. Katedra cestovného ruchu